A SAIL compatible three channel acoustic navigation interrogator /

Bibliographic Details
Main Author: Liberatore, Stephen P.
Corporate Author: Woods Hole Oceanographic Institution
Format: Book
Language:English
Published: Woods Hole, Mass. : Woods Hole Oceanographic Institution, [1990]
Series:Woods Hole Oceanographic Institution (Series) ; no. 90-39.
Technical report (Woods Hole Oceanographic Institution)
Subjects:

MARC

Tag First Indicator Second Indicator Subfields
LEADER 00000cam a2200000Ia 4500
001 in00002007713
005 20151031124618.0
008 931207s1990 maua b 000 0 eng d
035 |a (OCoLC)ocm29442014 
040 |a RIN  |c RIN  |d OCLCQ  |d TXA  |d UtOrBLW 
049 |a TXAM 
090 |a GC1  |b .W582 no. 90-39 
100 1 |a Liberatore, Stephen P. 
245 1 2 |a A SAIL compatible three channel acoustic navigation interrogator /  |c by Stephen P. Liberatore. 
264 1 |a Woods Hole, Mass. :  |b Woods Hole Oceanographic Institution,  |c [1990] 
300 |a 104 pages :  |b illustrations ;  |c 28 cm. 
336 |a text  |b txt  |2 rdacontent 
337 |a unmediated  |b n  |2 rdamedia 
338 |a volume  |b nc  |2 rdacarrier 
490 1 |a WHOI ;  |v 90-39.  |a Technical report 
500 |a "September 1990." 
500 |a "Funding was provided by the Office of Naval Research under contract nos. N00014-82-C-0152 and N00014-85-C-0379." 
504 |a Includes bibliographical references. 
650 0 |a Electronics in navigation. 
710 2 |a Woods Hole Oceanographic Institution. 
830 0 |a Woods Hole Oceanographic Institution (Series) ;  |v no. 90-39. 
830 0 |a Technical report (Woods Hole Oceanographic Institution) 
948 |a cataloged  |b h  |c 2004/10/21  |d c  |e rdavis  |f 3:50:15 pm 
994 |a E0  |b TXA 
999 |a MARS 
999 f f |s 5bedfa4d-bca7-3033-9a37-57d36052cc6c  |i cb0b9999-ab25-3c92-a9a3-c0e61d857ed8  |t 0 
952 f f |p ric  |a Texas A&M University  |b Rellis Campus  |c Joint Library Facility  |d Remote Storage  |t 0  |e GC1 .W582 no.90-39  |h Library of Congress classification  |i unmediated -- volume  |m A14832276171 
998 f f |a GC1 .W582 no.90-39  |t 0  |l Remote Storage